000 00353 a2200157 4500
001 47763
020 _a9788574068206
040 _cAnchieta - Aquarius
100 _aRomeu, Gabriela
240 1 0 _aA Odisseia de Arlequino
_lpor
245 1 0 _aA Odisseia de Arlequino
300 _a70
362 0 _a2018
650 4 _aLiteratura brasileira
942 _cBK
999 _c47763
_d47763